| Tag |
First Indicator |
Second Indicator |
Subfields |
| LEADER |
00000cam a2200000 a 4500 |
| 001 |
in00002012308 |
| 005 |
20151031155632.0 |
| 008 |
840326t19821983enkfac b 001 0 pol |
| 010 |
|
|
|a 83202120
|
| 020 |
|
|
|a 0903705478
|
| 035 |
|
|
|a (OCoLC)ocm10289198
|
| 040 |
|
|
|a DLC
|c DLC
|d TXA
|d UtOrBLW
|
| 043 |
|
|
|a e-pl---
|
| 049 |
|
|
|a TXAM
|
| 050 |
0 |
0 |
|a D802.P6
|b G2764 1983
|
| 100 |
1 |
|
|a Garliński, Józef.
|
| 245 |
1 |
0 |
|a Polska w drugiej wojnie światowej /
|c Józef Garliński.
|
| 264 |
|
1 |
|a Londyn :
|b Odnowa,
|c 1982
|
| 264 |
|
4 |
|c ©1983
|
| 300 |
|
|
|a 508 pages, 8 unnumbered pages of plates :
|b illustrations, portraits ;
|c 22 cm.
|
| 336 |
|
|
|a text
|b txt
|2 rdacontent
|
| 337 |
|
|
|a unmediated
|b n
|2 rdamedia
|
| 338 |
|
|
|a volume
|b nc
|2 rdacarrier
|
| 504 |
|
|
|a Bibliography: pages [478]-488.
|
| 500 |
|
|
|a Includes index.
|
| 650 |
|
0 |
|a World War, 1939-1945
|z Poland.
|
| 651 |
|
0 |
|a Poland
|x History
|y Occupation, 1939-1945.
|
| 948 |
|
|
|a cataloged
|b h
|c 2005/1/5
|d c
|e spoltoratski
|f 10:51:54 am
|
| 994 |
|
|
|a E0
|b TXA
|
| 999 |
|
|
|a MARS
|
| 999 |
f |
f |
|s 076255c0-63c2-3562-b08e-f7f881d0e68b
|i dd2fb3d0-b725-3a12-8474-a84480d62171
|t 0
|
| 952 |
f |
f |
|p ric
|a Texas A&M University
|b Rellis Campus
|c Joint Library Facility
|d Remote Storage
|t 0
|e D802.P6 G2764 1983
|h Library of Congress classification
|i unmediated -- volume
|m A14831590687
|
| 998 |
f |
f |
|a D802.P6 G2764 1983
|t 0
|l Remote Storage
|